| 000 | 00776cam a2200265 4500 | ||
|---|---|---|---|
| 001 | 2135 | ||
| 003 | BD-RjUL | ||
| 005 | 20211208233505.0 | ||
| 008 | 131210s1968 enk d 000 0 eng | ||
| 020 | _a0710029616 | ||
| 035 | _a(BD-RjUL)2162 | ||
| 040 |
_aDLC _cDLC _dDLC _dBD-RjUL _beng |
||
| 041 | _aeng | ||
| 082 | 0 | 0 |
_a301.03 _bDIC |
| 100 | 1 |
_q(Geoffrey Duncan) _97006 |
|
| 245 | 1 | 2 |
_aA dictionary of sociology / _cedited by G. Duncan Mitchell. |
| 260 |
_aLondon, _bRoutledge & K. Paul, _c1968. |
||
| 300 |
_aviii, 224 p. _c23 cm. |
||
| 350 | _a25/- | ||
| 500 | _aEdition of 1979 published under title: A new dictionary of the social sciences. | ||
| 650 | 0 |
_aSociology _xDictionaries. _97007 |
|
| 942 |
_2ddc _cBK _01 |
||
| 999 |
_c2135 _d2135 |
||